000 00441nam a2200169 a 4500
001 0000-9136
003 ELIB.Books
008 110520 1988
035 _a(ELIB.Books)0000-9288
082 _a261.2
_bBur
100 _aBurnett, David
245 _aUnearthly Power
260 _bNashville: A Division Of Thomas Nelson Publishers
_c1988
650 _aSocial Theology
942 _2ddc
_cBK
998 _cbat
_e2011-05-20
999 _c9136
_d9136